Loading...
World and Other Literature | 1 | 5 | 0 | 0 | 65 | 66 | 100.17 | 3 | 6 |
Science - Chemistry | 0 | 6 | 0 | 0 | 60 | 56 | 104.00 | 4 | 6 |
Literature - British Literature | 0 | 6 | 2 | 0 | 50 | 100 | 123.67 | 4 | 6 |
Literature - American Literature | 0 | 6 | 2 | 0 | 50 | 88 | 108.83 | 2 | 6 |
Literature - European Literature | 1 | 3 | 1 | 0 | 40 | 68 | 90.00 | 3 | 4 |
Chemistry> | 0 | 2 | 0 | 0 | 20 | 109 | 115.00 | 0 | 2 |
Social Science | 0 | 2 | 0 | 0 | 20 | 82 | 91.50 | 0 | 2 |
Philosophy | 0 | 2 | 0 | 0 | 20 | 91 | 112.00 | 2 | 2 |
Other Science: Astronomy | 0 | 1 | 0 | 0 | 10 | 92 | 92.00 | 0 | 1 |
Beliefs | 1 | 0 | 1 | 0 | 10 | 66 | 66.00 | 0 | 1 |
History - American History | 0 | 1 | 0 | 1 | 10 | 118 | 118.00 | 0 | 0 |
Other Science: Earth Science | 0 | 1 | 0 | 0 | 10 | 121 | 121.00 | 1 | 1 |
Science - Biology | 0 | 1 | 0 | 1 | 10 | 135 | 135.00 | 1 | 1 |
Science - Physics | 0 | 1 | 0 | 0 | 10 | 117 | 117.00 | 1 | 1 |
Ancient History and Archaeology | 0 | 1 | 1 | 0 | 5 | 134 | 134.00 | 0 | 1 |